Clínica del sano en odontología (Registro nro. 9323)

Detalles MARC
000 -Cabecera
Campo de control de longitud fija 00831ntm a22003257a 4500
005 - Fecha y hora de la última transacción
Campo de control 20251016192611.0
008 - Elementos de longitud fija--Información general
Campo de control de longitud fija 170425b2012 xxu||||| |||| 00| 0 spa d
020 ## - International Standard Book Number
Número Internacional Estándar del Libro (ISBN) 9789586487672
041 ## - Idioma
Código de idioma Español
082 ## - Clasificación Decimal Dewey
Número de clasificación 617.601 H533c4
100 ## - Entrada principal--Autor personal
Nombre personal Herazo Acuña, Benjamín
9 (RLIN) 42350
245 ## - Título propiamente dicho
Título Clínica del sano en odontología
250 ## - Edición
Mención de edición 4 edición
260 ## - Pie de imprenta
Lugar de publicación, distribución, etc. Colombia
260 ## - Pie de imprenta
Nombre del editor, distribuidor, etc. Ecoe Ediciones
260 ## - Pie de imprenta
Fecha de publicación, distribución, etc. 2012
300 ## - Descripción física
Extensión 294 páginas
300 ## - Descripción física
Otras características físicas Ilustraciones a color
490 ## - Serie
Título de la Serie Mecánica Dental
650 ## - Materia general
Temática (materia general) ODONTOLOGÍA PREVENTIVA
650 ## - Materia general
Temática (materia general) SALUD DENTAL
650 ## - Materia general
Temática (materia general) SALUD ORAL
650 ## - Materia general
Temática (materia general) SALUD BUCODENTAL
650 ## - Materia general
Temática (materia general) CONTROL BIOLÓGICO
650 ## - Materia general
Temática (materia general) CONTROL INMUNOLÓGICO
650 ## - Materia general
Temática (materia general) TOXICOLOGÍA
650 ## - Materia general
Temática (materia general) FARMACOLOGÍA
650 ## - Materia general
Temática (materia general) NUTRICIÓN
942 ## - Punto de acceso adicional KOHA
Tipo de ítem KOHA Libro
Fuente del sistema de clasificación o colocación Dewey Decimal Classification
Existencias
Signatura completa Código de barras Programa Académico Tipo de ítem
617.601 H533c4 22145 Mecánica Dental Libro